Statistiken für Pokémon anhand von Bilder, auf denen sie basieren, erraten 4

Klicken Sie hier um das Quiz zu spielen!

Allgemein

  • Dieses Quiz wurde 222 mal gespielt
  • Das Durchschnittsergebnis liegt bei 16 aus 28

Antwortstatistiken

Antwort% Korrekt
Mamutel
89%
Bronzong
83%
Driftlon
83%
Venuflibis
83%
Skunkapuh, Skunktank
82%
Drifzepeli
77%
Hippopotas, Hippoterus
76%
Plinfa, Pliprin, Impoleon
74%
Klingplim
70%
Koknodon, Rameidon
70%
Bidiza, Bidifas
69%
Pionskora, Piondragi
65%
Haspiror
63%
Pachirisu
61%
Mobai
59%
Charmian, Shnurgarst
55%
Chelterrar
54%
Schlapor
54%
Finneon, Lumineon
51%
Rexblisar
51%
Frosdedje
39%
Schalellos, Gastrodon
38%
Plaudergei
33%
Kinoso
32%
Darkrai
28%
Phione, Manaphy
21%
Togekiss
20%
Traunmagil
20%

Verteilung der Resultate

Perzentil nach korrekt beantworteten Fragen

Anzahl Personen mit jedem Resultat

Ihre Resultats-Entwicklung

Sie haben dieses Quiz noch nicht gespielt